Villes europénnes ayant des points communs (1) - Statistiques

Statistiques générales
  • Ce quiz a été pris 99 fois
  • Le résultat moyen est 7 sur 12
Statistiques - réponses
Hint Réponse % Correct
Strasbourg, Francfort, Bruxelles Siège d'institution(s) de l'UE*
80%
Saint-Pétersbourg, Tallinn, Chișinău En ex-URSS
77%
Turin, Eindhoven, Barcelone Dont le club de football a remporté la C1*
72%
Luxembourg, Sofia, Dubrovnik Dans un pays de moins de 8 millions d'habitants
61%
Reykjavik, Berlin, Kiev Au nord de Paris
59%
Bratislava, Vienne, Belgrade Sur le Danube
57%
La Haye, Thessalonique, Palerme Sur le littoral
56%
Ajaccio, Rhodes, Manchester Sur une île
52%
Valence (Espagne), Édimbourg, Nantes À l'ouest de Greenwich
47%
Varsovie, Dublin, Bordeaux Avec l'une des 10 plus grandes places d'Europe (hors Russie)
45%
Cologne, Anvers, Zagreb Avec un musée du chocolat
39%
Bilbao, Rotterdam, Athènes Avec un métro
31%
Aucun quiz correspondant
Distribution des résultats
% des personnes avec chaque résultat
Percentile par nombre de réponses
Votre historique - résultats
Vous n’avez pas pris ce quiz